LEADER 02382nam a2200325 4500 001 000000359314 003 CaOOAMICUS 005 20250926125513.0 008 240809s1748 it a 000 u ita r 026 $e1.n- lahe 4.d. p8(1 (7) 1748 (R) 040 $aSeMil$bita 041 1 $aita$alat$agrc 100 01$aCicero, Marcus Tullius,$d<106-43 a.C.>.$0(OLS)http://semarc/name/659 245 10$a5: Lettere di M.T. Cicerone a M. Bruto, e di Bruto a Cicerone col testo latino a rincontro, con annotazioni a ciascuna lettera: ed una Dissertazione preliminare, in cui si vendica l'autorita delle medesime lettere, e di proposito si considerano e si confutano tutte le obbiezioni del reverendo sig. Tunstall. Del signor Conyers Middleton ... Traduzione dalla lingua inglese. Tomo quinto. 246 0 $iTit. in occhietto$aAppendice alla Storia della vita di M.T. Cicerone 264 1$aVenezia :$bPresso Giambatista Pasquali,$c1748. 300 $a223, [1] p. ;$c8° 500 $aSegn.: A-O? 700 1 $aBrutus, Marcus Iunius,$d<85 a.C.-42 a.C.>.$0(OLS)http://semarc/name/75982 730 02$aEpistulae. Ad Brutum.$0(OLS)http://semarc/title/449764 773 0 $aMiddleton, Conyers$tStoria della vita di M. Tullio Cicerone, scritta in lingua inglese dal sig. Conyers Middleton, custode primario della Bibliotheca dell'Universita di Cambridge: tradotta in lingua italiana. Tomo 1. [-5.].$dVenezia : Presso Giambatista Pasquali, 1748.$bSeconda edizione riveduta ed aumentata$g4$w()359309 850 $aSeMil 852 $aSeMil$W1$xVenegono$y1$m1R IV 24 FA$j250226$B250388$CSeMilBibl$Z2$F250388 $8I 900 01$aCicerone, Marco Tullio. 961 $aLegato con: 1R IV 22 FA 996 $6245$a5: Lettere di M.T. Cicerone a M. Bruto, e di Bruto a Cicerone col testo latino a rincontro, con annotazioni a ciascuna lettera: ed una Dissertazione preliminare, in cui si vendica l'autorita delle medesime lettere, e di proposito si considerano e si confutano tutte le obbiezioni del reverendo sig. Tunstall. Del signor Conyers Middleton ... Traduzione dalla lingua inglese. Tomo quinto$9(OLS)http://semarc/title/449763 996 $6246$aAppendice alla Storia della vita di M.T. Cicerone$9(OLS)http://semarc/title/449765 996 $6264$aVenezia :$bPresso Giambatista Pasquali$9(OLS)http://semarc/publisher/60582 LEADER 01224nam a2200289 i 4500 001 000000037766 003 CaOOAMICUS 005 20250806093010.0 008 131219s1991 it u000 u ita u 013 $a8126 020 $a88-7105-013-4 040 $aSeMil$bita 100 1 $aMaffeis, Angelo,$d<1960- >.$0(OLS)http://semarc/name/2573 245 13$aIl ministero nella Chiesa :$buno studio del dialogo cattolico-luterano (1967-1984) /$cAngelo Maffeis. 260 $aMilano :$bGlossa,$c1991. 300 $a361 p. ;$c24 cm. 490 0 $aDissertatio. Series Romana ;$v2 650 4$aChiesa cattolica - Ministero.$0(OLS)http://semarc/subject/7562 650 4$aEcumenismo.$0(OLS)http://semarc/subject/3071 830 0$aDissertatio. Series Romana ;$v2.$0(OLS)http://semarc/title/252 850 $aSeMil 852 $aSeMil$W1$xVenegono$y1$m2KA H 2$j265305$B3921$CSeMilBibl$Z2$F3921 $81 961 $aOmaggio: Donazione 996 $6020$a88-7105-013-4$9(OLS)http://semarc/number/6855 996 $6245$aIl ministero nella Chiesa :$buno studio del dialogo cattolico-luterano (1967-1984)$9(OLS)http://semarc/title/53022 996 $6260$aMilano :$bGlossa$9(OLS)http://semarc/publisher/29635